LEADER 00740nam a2200205 4500 001 000000367077 003 CaOOAMICUS 005 20260331110557.0 008 260331s1973 it 000 u ita r 040 $aSeMil$bita 245 10$a2: Luca-Giovanni. 264 1$aRoma :$bCittà Nuova,$c1973. 300 $a401 p. :$c21 cm 773 0 $aSchiwy, Günther <1932-2008>$tIntroduzione al Nuovo Testamento.$dRoma : Città Nuova, 1971-1973.$g2$w()367074 850 $aSeMil 852 $aSeMil$W1$xVenegono$y1$B257810$CSeMilBibl$Z2$F257810 $81 961 $aGiusi Prandoni - Omaggio 996 $6245$a2: Luca-Giovanni$9(OLS)http://semarc/title/458921 996 $6264$aRoma :$bCittà Nuova$9(OLS)http://semarc/publisher/29609